Papel del bibliotecario-documentalista en el suministro de información

Guardado en:
書目詳細資料
主要作者: Jiménez Saa, Humberto
格式: Texto
出版: San José: SEPSA
標簽: 添加標簽
沒有標簽, 成為第一個標記此記錄!

MARC

LEADER 00000 a a2200000 04500
001 14504
003
040
090 |a 022500  
100 |a Jiménez Saa, Humberto  
245 |a Papel del bibliotecario-documentalista en el suministro de información  
260 |a San José:   |b SEPSA  
300 |a 4 p  
999 |c 13053  |d 13053